000 00502nam a22001697a 4500
005 20251108172735.0
008 250721s2002 xx 000 0 ara d
082 1 4 _a659.1/علا
100 1 _aالعلاق، بشير
_eمؤلف
245 1 0 _aالترويج والإعلان التجاري /
264 1 _aعمان :
_bدار اليازوري،
_c2002.
300 _a452ص
650 1 7 _aترويج المبيعات
650 1 7 _aالإعلان التجاري
942 _2ddc
_cBK
999 _c87289
_d87289